• 首页
  • 本馆介绍
  • 公告通知
  • 最新文献
  • 馆藏检索
  • 电子资源
  • 读者导购
  • 参考咨询
  • 我的图书馆
  • 登录
  • 详细信息显示
  • 放入我的书架
  • 预约/预借图书
  • 作者相关作品
  • 分类相关作品
  • 丛书相关作品
  • 出版社相关作品

书目信息

  • 表格格式
  • 工作单格式
  • 卡片格式
题名:
生态放养柴鸡关键技术问答
    
 
作者: 李英 谷子林
分册:  
出版信息: 北京   金盾出版社  2010
页数: 209
开本: 19cm
丛书名:
单 册:
中图分类: S83
科图分类:
主题词: 家禽
电子资源:
ISBN: 7-5082-6023-5
000 00589nam0 2200193 450
001 1735846483
005 20170410095726.48
010    @a7-5082-6023-5
100    @a20170410d km y0chiy0120 ea
101 0  @achi
200 1  @a生态放养柴鸡关键技术问答@Asheng tai fang yang chai ji guan jian ji shu wen da@f李英 谷子林@Fli ying gu zi lin
205    @a1版
210    @a北京@c金盾出版社@d2010
215    @a209@c彩图@d19cm
606 0  @a家禽
690    @aS83@v4
701  0 @a李英 谷子林@Ali ying gu zi lin
801  0 @aCN@b大连网信软件有限公司图书馆·11@c20170410
905    @b6604199@dS83@en1@f1
    
    生态放养柴鸡关键技术问答/李英 谷子林.-1版.-北京:金盾出版社,2010
    209:彩图;19cm
    
    
    ISBN 7-5082-6023-5:
    
●
相关链接 在E读中查询图书 在五车中查询图书 在当当中查询图书 在豆瓣中查询图书


正题名:生态放养柴鸡关键技术问答     索取号:S83/n1         预约/预借

序号 登录号 条形码 馆藏地/架位号 状态 备注
1 6604199   266041990   密集书库-生命科学系/ [索取号:S83/n1] 在馆    
唐山师范学院图书馆 欢迎您!
大连网信软件有限公司© 版权所有